| 000 | 01066nam a22002537a 4500 | ||
|---|---|---|---|
| 005 | 20090121151350.0 | ||
| 008 | 090121t xxu||||| |||| 00| 0 hin d | ||
| 010 | _aHIN-93809 | ||
| 020 |
_c120.00 _a9788192074313 |
||
| 035 | _aHN-66155 | ||
| 037 | _bDBAD /PUB | ||
| 040 |
_aDPL _bHN |
||
| 082 | _a827 | ||
| 100 |
_aजोशी, रमेश _933818 |
||
| 245 |
_aमाई लेटर्स टुःजार्ज बुश / _cरमेश जोशी |
||
| 260 |
_aबैग्लोर _bथिकिंग हार्ट _c2011 |
||
| 270 |
_aडी-1403 लेबरनम ,ब्रीज मिलेनियम जे.पी.नगर सातवा फेस _bबैग्लोर (कर्नाटका) _e560078 |
||
| 300 |
_a96पृ. _c22सेमी (अजिल्द) |
||
| 650 | _9697 | ||
| 650 | _9698 | ||
| 700 | _933853 | ||
| 942 |
_2ddc _cHN _mजोशीर _h827 |
||
| 999 |
_c56054 _d56054 |
||